| 000 | 00540nam a22001577a 4500 | ||
|---|---|---|---|
| 005 | 20120611124340.0 | ||
| 020 |
_a8125902503 _c60.00 |
||
| 035 | _aA-902191 | ||
| 037 |
_aDPL _bENG |
||
| 100 |
_aKalra, R.M. _948833 |
||
| 245 |
_aDrug addiction in schools / _cby R.M. Kalra |
||
| 260 |
_aNew Delhi _bVikas Publishing House _c1997 |
||
| 300 |
_axxi, 118p. _c18 cms. |
||
| 942 |
_2ddc _cEN _h362.29 _mKAL |
||
| 999 |
_c67793 _d67793 |
||